| 000 | 02100nam a2200349Ia 4500 | ||
|---|---|---|---|
| 999 |
_c54163 _d54163 |
||
| 001 | 21219 | ||
| 003 | GE_BSU | ||
| 005 | 20210921153723.0 | ||
| 008 | 181216s2014||||ge |||||||||||||| ||geo|| | ||
| 020 | _a9789941182174 | ||
| 040 | _cGE_BSU | ||
| 041 | _ageo | ||
| 080 | _a123(042) კ-84 | ||
| 100 |
_aკრიპკე, ს.ა. (საულ ა.) _912511 |
||
| 245 |
_aსახელდება და აუცილებლობა / _cინგლ. თარგმნა და კომენტ. დაურთო თამარ ცხადაძემ ; სამეცნ. რედ. ლელა ალექსიძე ; ყდის დიზაინი თამარ ბასილია. |
||
| 264 |
_aთბილისი : _bილიას სახელმწ. უნ-ტი, _c2014. |
||
| 300 |
_a244 გვ. ; _c20 სმ. |
||
| 490 | _aფილოსოფიური ბიბლიოთეკა | ||
| 500 | _aდამატებები : გვ. 209-220 ; კომენტარები : გვ. 221-229 ; საძიებელი : გვ. 230-243 | ||
| 500 | _aგარეკანზე ფოტო : ჟან (ჰანს) არპი, კოლაჟი შემთხვევითობის კანონების მიხედვით მოწესრიგებული კვადრატებით | ||
| 541 | _h5ლ.40თ. | ||
| 653 | _aსახელდება და აუცილებლობა | ||
| 653 | _aსახელდება | ||
| 653 | _aაუცილებლობა | ||
| 653 | _aენის ფილოსოფია | ||
| 653 | _aსაკუთარი სახელები | ||
| 653 | _aფილოსოფია | ||
| 700 |
_aცხადაძე, თამარ _e მთარგმნელი _912512 |
||
| 700 |
_aალექსიძე, ლელა _eსამეცნიერო რედაქტორი _912513 |
||
| 700 |
_aბასილია, თამარ _eდიზაინერი _912514 |
||
| 942 |
_cBK _2udc |
||